Fernando Arbeláez

Enregistré dans:
Détails bibliographiques
Auteur principal: González, Oscar
Format: Inconnue
Publié: Colombia: Universidad de Medellín,
Sujets:
Tags: Ajouter un tag
Pas de tags, Soyez le premier à ajouter un tag!

MARC

LEADER 000000000a22000000004500
001 000118
100 1 |a González, Oscar 
245 1 0 |a Fernando Arbeláez 
260 |a Colombia:   |b Universidad de Medellín, 
310 |a mensual 
650 4 |a ARBELAEZ, FERNANDO 
650 4 |a REAL MARAVILLOSO 
650 4 |a CRITICA LITERARIA 
773 0 |t Con-Textos: Revista de Semiótica Literaria 
773 0 |g 3 
773 0 |g 19 
773 0 |g 93-112 
999 |c 899  |d 899